Art of Joyful Living (Record no. 36054)
[ view plain ]
| 000 -LEADER | |
|---|---|
| fixed length control field | 00431nam a22001577a 4500 |
| 003 - CONTROL NUMBER IDENTIFIER | |
| control field | OSt |
| 005 - DATE AND TIME OF LATEST TRANSACTION | |
| control field | 20240705113810.0 |
| 007 - PHYSICAL DESCRIPTION FIXED FIELD--GENERAL INFORMATION | |
| fixed length control field | 170 pages |
| 008 - FIXED-LENGTH DATA ELEMENTS--GENERAL INFORMATION | |
| fixed length control field | 223 dt 3.7.2024 AO enterprises |
| 020 ## - INTERNATIONAL STANDARD BOOK NUMBER | |
| International Standard Book Number | 9788183225434 |
| 040 ## - CATALOGING SOURCE | |
| Original cataloging agency | AO enterprises |
| Language of cataloging | english |
| Transcribing agency | |
| 082 ## - DEWEY DECIMAL CLASSIFICATION NUMBER | |
| Classification number | 808.83 |
| Item number | RAM |
| 245 ## - TITLE STATEMENT | |
| Title | Art of Joyful Living |
| Statement of responsibility, etc. | Swami Ram |
| Medium | Marathi |
| 260 ## - PUBLICATION, DISTRIBUTION, ETC. | |
| Name of publisher, distributor, etc. | Manjul |
| Date of publication, distribution, etc. | 2015 |
| 942 ## - ADDED ENTRY ELEMENTS (KOHA) | |
| Source of classification or shelving scheme | Dewey Decimal Classification |
| Koha item type | BOOK |
| Classification part | 808.83 |
| Item part | RAM |
| Call number prefix | 808.83 |
| Call number suffix | RAM |
| Suppress in OPAC | No |
| Withdrawn status | Lost status | Source of classification or shelving scheme | Damaged status | Not for loan | Collection | Home library | Current library | Date acquired | Cost, normal purchase price | Total Checkouts | Full call number | Barcode | Date last seen | Date last checked out | Price effective from | Koha item type |
|---|---|---|---|---|---|---|---|---|---|---|---|---|---|---|---|---|
| Dewey Decimal Classification | General | Fr. Agnel's C.Rodrigues College of Engineering | Fr. Agnel's C.Rodrigues College of Engineering | 05/07/2024 | 250.00 | 1 | 808.83/RAM | 26415 | 03/02/2025 | 30/01/2025 | 05/07/2024 | BOOK | ||||
| Dewey Decimal Classification | General | Fr. Agnel's C.Rodrigues College of Engineering | Fr. Agnel's C.Rodrigues College of Engineering | 05/07/2024 | 250.00 | 808.83/RAM | 26416 | 05/07/2024 | 05/07/2024 | BOOK | ||||||
| Dewey Decimal Classification | General | Fr. Agnel's C.Rodrigues College of Engineering | Fr. Agnel's C.Rodrigues College of Engineering | 05/07/2024 | 250.00 | 808.83/RAM | 26417 | 05/07/2024 | 05/07/2024 | BOOK |